书目信息 |
| 题名: |
日本历史与日本文化
|
|
| 作者: | 内藤湖南 著 ;刘克申 译 | |
| 分册: | ||
| 出版信息: | 北京 商务印书馆 2012.7 |
|
| 页数: | 446页 | |
| 开本: | 21cm | |
| 丛书名: | 日本学术文库 | |
| 单 册: | ||
| 中图分类: | K313.03 , K313.07 | |
| 科图分类: | ||
| 主题词: | 文化史--wen hua shi--研究--日本 | |
| 电子资源: | ||
| ISBN: | 978-7-100-08411-6 | |
| 000 | 01046nam 2200289 45 | |
| 001 | 1355749608 | |
| 005 | 20130515101738.29 | |
| 010 | @a978-7-100-08411-6@dCNY32.00 | |
| 100 | @a20130108d2012 em y0chiy0121 ea | |
| 101 | 1 | @achi@cjpn |
| 102 | @aCN@b110000 | |
| 105 | @ay z 000yy | |
| 106 | @ar | |
| 200 | 1 | @a日本历史与日本文化@ARi Ben Li Shi Yu Ri Ben Wen Hua@f(日) 内藤湖南著@F( Ri ) Nei Teng Hu Nan Zhu@g刘克申译 |
| 210 | @a北京@c商务印书馆@d2012.7 | |
| 215 | @a446页@d21cm | |
| 225 | 2 | @a日本学术文库@Ari ben xue shu wen ku@h第一辑 |
| 330 | @a本书是日本著名史学家内藤湖南对日本历史和日本文化多年研究成果的汇集, 他将日本文化与中国文化相联系, 得出日本文化是豆浆, 中国文化则是卤水的著名比喻。 | |
| 461 | 0 | @12001 @a日本学术文库@h第一辑 |
| 606 | 0 | @a文化史@Awen hua shi@x研究@y日本 |
| 607 | @a日本@Ari ben@x历史@x研究 | |
| 690 | @aK313.03@v5 | |
| 690 | @aK313.07@v5 | |
| 701 | 0 | @a内藤湖南@ANei Teng Hu Nan@4著 |
| 702 | 0 | @a刘克申@ALiu Ke Shen@4译 |
| 801 | @aCN@bTANGWEI@c20130112 | |
| 905 | @b0832389-93@dK313.03@e50@f5 | |
| 日本历史与日本文化/(日) 内藤湖南著/刘克申译.-北京:商务印书馆,2012.7 |
| 446页;21cm.-(日本学术文库.第一辑) |
| ISBN 978-7-100-08411-6:CNY32.00 |
| 本书是日本著名史学家内藤湖南对日本历史和日本文化多年研究成果的汇集, 他将日本文化与中国文化相联系, 得出日本文化是豆浆, 中国文化则是卤水的著名比喻。 |
| ● |
| 相关链接 |
|
|
|
|
正题名:日本历史与日本文化
索取号:K313.03/50
 
预约/预借
| 序号 | 登录号 | 条形码 | 馆藏地/架位号 | 状态 | 备注 |
| 1 | 0832389 | 208323937 | 第二借阅区/ [索取号:K313.03/50] | 在馆 | |
| 2 | 0832389 | 208323893 | 第二样本阅览室/ [索取号:K313.03/50] | 在馆 | |
| 3 | 0832390 | 208323900 | 第二借阅区/ [索取号:K313.03/50] | 在馆 | |
| 4 | 0832391 | 208323919 | 第二借阅区/ [索取号:K313.03/50] | 在馆 | |
| 5 | 0832392 | 208323928 | 第二借阅区/ [索取号:K313.03/50] | 在馆 |